000 00303nam a22001457a 4500
008 210607b ||||| |||| 00| 0 eng d
020 _a0136403018
041 _aeng
080 _a541
082 _a541
100 _a12
101 _aKIM
245 _aOrganic Chemistry
_cL.G. Wade
942 _2udc
_cBK
999 _c58046
_d58046